000
00247nam a22001217a 4500
041
_a
ENG
100
_a
Pawar Daya
245
_a
Balut
260
_a
Mubai
_b
Granthali Prakashan
_c
2010
300
_a
192
650
_a
Marathi
856
_u
Marathi ( 33 )
999
_c
2241
_d
2241